000 00518nam a22001817a 4500
003 CEME
005 20210628203625.0
008 210203b xxu||||| |||| 00| 0 eng d
020 _a0-8031-1498-2
040 _c.
082 _a620.118 COM
100 _aAshbaugh, Noel E, Stinchcomb, Wayne W
_966608
245 _aComposite materials: fatigue and fracture, fatigue and fracture
260 _aNEW YORK
_bASTM
_c1993
300 _a659
650 _aCOMPOSITE MATERIALS.FATIGUE AND FRACTURE
_966609
942 _cBK
_2ddc
999 _c574548
_d574548